00544pam a2200157 a 4500020000500000041000500005082002800010100001600038245006700054260004600121300001100167700001800178930000900196999001900205952016200224 c h a658.39999999999998bSIN aSinha, G.P. aIndustrial Relations And Labour LegislationhTextual Documents aMumbaibOxford And Ibh Publishing Company a773/CB aSinha, P.R.N. a8001 c114828d114828 001440708GeneralaAKSbAKScMissingd1983-07-10eCentral Book Depotg28.25l0o658.39999999999998 SINpAKS-M-00847r2023-03-01 00:00:00t1w2023-03-01yBK